000 00520nam a2200181Ia 4500
005 20250508163501.0
008 008 250505s9999 xx 000 0 eng d
037 _aTextual
040 _aFEDL
_beng
_cFEDL
041 _aeng
_2eng
084 _a371.42, DUR
_qFEDL
100 _aDurojaiye M O A Ed.
_9775435
245 0 _aPsychological guidance of the school child
260 _aLondon, UK
_bEvans Brothers Limited
_c1978
300 _a128p
942 _cTEXL
_h371.42, DUR
999 _c1383598
_d1383598